Historia, fuentes y literatura del derecho romano
Saved in:
| Hovedforfatter: | |
|---|---|
| Format: | Bog |
| Sprog: | spansk |
| Udgivet: |
Madrid
La España Moderna
1930
|
| Serier: | Biblioteca de Jurísprudencia, Filosofía e Historia
|
| Fag: | |
| Tags: |
Tilføj Tag
Ingen Tags, Vær først til at tagge denne postø!
|
MARC
| LEADER | 00000nam a2200000 a 4500 | ||
|---|---|---|---|
| 001 | UCS2804 | ||
| 003 | CL-VaPUC | ||
| 008 | 970606e19300000SP |||||||||||||||||spa|d | ||
| 082 | 0 | 4 | |a 340.54 |b KRU |2 21 |
| 100 | |a Krüger, Pablo |e author |9 508605 | ||
| 245 | 1 | 0 | |a Historia, fuentes y literatura del derecho romano |
| 300 | |a 365 p | ||
| 942 | |c BK | ||
| 945 | |d 19970606 00:00:00 |a lriquelm | ||
| 260 | |a Madrid |b La España Moderna |c 1930 | ||
| 650 | 0 | |a Derecho romano |9 255930 | |
| 650 | 0 | |a Historia antigua |9 267521 | |
| 650 | 0 | |a Monarquía |9 255259 | |
| 650 | 0 | |a República |9 310048 | |
| 650 | 0 | |a Códigos |9 352314 | |
| 650 | 0 | |a Juristas |9 255986 | |
| 650 | 0 | |a Fuentes del derecho |9 255162 | |
| 651 | 0 | |a Roma |9 255106 | |
| 583 | |a last modification |c 20180430 04:44:24 |k Rodrigo Vera | ||
| 490 | 0 | |a Biblioteca de Jurísprudencia, Filosofía e Historia | |
| 999 | |c 260735 |d 260733 | ||
| 952 | |0 0 |1 0 |4 0 |6 340_540000000000000_KRU_1930 |7 0 |8 DER_ROM |9 287039 |a BIBDER |b BIBDER |d 2019-11-19 |i 1859250 |o 340.54 KRU 1930 |p 1859250 |r 2023-01-25 |w 2019-11-19 |x Ubicación 4to piso |y BK |z Este recurso debe solicitarse con anticipación |k DER | ||